000 00962nam a2200301 i 4500
001 66853
003 ES-MaACL
005 20250813060904.0
007 t|
008 030902s2003 sp ||||0| spa d
020 _a84-7844-690-7
040 _aM-BN
_bspa
_cM-BN
080 _a28"00/05"
080 _a232
080 _a226.2.014
100 1 _aGómez de Liaño, Ignacio.
_957908
245 1 3 _aEl diagrama del primer evangelio y las imágenes de Jesús en el cristianismo primitivo /
_cIgnacio Gómez de Liaño.
260 _aMadrid :
_bSiruela,
_c[2003]
300 _a132 p. ;
_c22 cm.
490 1 _aEl árbol del paraíso ;
_v32
630 0 _aBiblia.
_pN.T.-
_xCrítica textual.
_9119292
650 _aCristianismo-
_xHistoria-
_yS.I-VI.
_9163038
650 1 4 _aCristología.
_911443
650 4 _aSimbolismo cristiano.
_917106
830 0 3 _aEl árbol del paraíso
_v32
_9179942
852 _aES-MaACL
_jL-27337
_bR.132985
999 _c66853
_d66853